ბათუმის შოთა რუსთაველის სახელმწიფო უნივერსიტეტის ბიბლიოთეკა

Rešena arheološka dediščina Ljubljane / (ბიბ.ჩანაწერი № 60686)

000 -LEADER
fixed length control field 00537nam a22001457a 4500
005 - DATE AND TIME OF LATEST TRANSACTION
control field 20231006170236.0
008 - FIXED-LENGTH DATA ELEMENTS--GENERAL INFORMATION
fixed length control field 231006s1979 enk||||| |||| 00| 0 slo d
041 ## - LANGUAGE CODE
Language code of text/sound track or separate title slo
080 ## - UNIVERSAL DECIMAL CLASSIFICATION NUMBER
Universal Decimal Classification number 069 R-45
245 ## - TITLE STATEMENT
Title Rešena arheološka dediščina Ljubljane /
Remainder of title Mestni muzej Ljubljana, razstava v Likovnem razstavišču Riharda Jakopiča.
264 ## - PRODUCTION, PUBLICATION, DISTRIBUTION, MANUFACTURE, AND COPYRIGHT NOTICE
Place of production, publication, distribution, manufacture Ljubljana,
Date of production, publication, distribution, manufacture, or copyright notice 1979.
300 ## - PHYSICAL DESCRIPTION
Extent 144 p.:
Other physical details ill.;
Dimensions 21 cm.
653 ## - INDEX TERM--UNCONTROLLED
keyword ლუბლიანას არქეოლოგიური მემკვიდრეობა
942 ## - ADDED ENTRY ELEMENTS (KOHA)
Source of classification or shelving scheme
Koha item type წიგნი
ეგზემპლარები
Withdrawn status Lost status Source of classification or shelving scheme Damaged status Not for loan Permanent Location Current Location Shelving location Date acquired Cost, normal purchase price Full call number Barcode Date last seen Copy number Uniform Resource Identifier Price effective from Koha item type Public note
          ბათუმის შოთა რუსთაველის სახელმწიფო უნივერსიტეტის მთავარი ბიბლიოთეკა ბათუმის შოთა რუსთაველის სახელმწიფო უნივერსიტეტის მთავარი ბიბლიოთეკა წიგნსაცავი 2023-10-06 6.00 069 R-45 65276 2023-10-06 65276 ბსუ-ს საპატიო დოქტორის გურამ ლორთქიფანიძის საჩუქარი 2023-10-06 წიგნი 6 ლ.